00828nam a2200205 a 450000100100000000500170001000800410002702000180006804000250008604100080011110000200011924501050013926000510024430000210029550501250031656300640044170000290050570000410053470000470057500004321220201002040728.0140225s2014 xxu 000 0 spa d a9781619022478 aDO-SdBNPbspacBNPHU17aeng1 aBerriault, Gina10aThree short novels :bThe Son, The Lights of Earth, and The Conference of Victims /cGina Berriault. a[California ] :bCounterpoint Berkeley,c2014. a403 p. ;c24 cm.0 aThe Son /rGina Berriault. --tThe Lights of Earth /rGina Berriault. --tThe Conference of Victims /rGina Berriault -- aTres obras encuadernadas juntas con paginación continúa12aBerriault, GinatThe Son12aBerriault, GinatThe Lights of Earth12aBerriault, GinatThe Conference of Victims